Observatori de polítiques educatives locals : informe 2012 informe 2012
ISBN:
9788498036626
Publicado:
Barcelona :
Diputació de Barcelona. Àrea d'Atenció a les Persones. Gerència de Serveis d'Educació ,
2013
Descripción Física:
107 p. ; 29 cm
Colección:
Documents de treball. Sèrie Educació ; 9
MARC
| LEADER | 00000nam a2200000Ia 4500 | ||
|---|---|---|---|
| 001 | 23730 | ||
| 008 | 160829s2013 xx 000 0 cat d | ||
| 020 | |a 9788498036626 | ||
| 080 | |a Bib-25 | ||
| 245 | |a Observatori de polítiques educatives locals : |b informe 2012 | ||
| 260 | |a Barcelona : |b Diputació de Barcelona. Àrea d'Atenció a les Persones. Gerència de Serveis d'Educació, |c 2013 | ||
| 300 | |a 107 p. ; |c 29 cm | ||
| 490 | |a Documents de treball. Sèrie Educació ; 9 | ||
| 650 | |a Educació |x Catalunya |9 37321 | ||
| 651 | 0 | |a Catalunya |x Política educativa |9 56252 | |
| 710 | |a Barcelona (Catalunya : Província). |b Gerència de Serveis d'Educació |9 52167 | ||
| 901 | |a Arxiu | ||
| 942 | |n 1 | ||
| 952 | |0 0 |1 0 |4 0 |6 BIB25 |7 1 |9 55833 |a Arxiu |b Arxiu |d 2016-12-01 |l 0 |o Bib-25 |p 23730 |r 2016-12-01 00:00:00 |w 2016-12-01 |y ARXIU | ||
| 952 | |0 0 |1 0 |4 0 |6 37OPEL_DIP |7 0 |8 EDU |9 91522 |a BGR |b BGR |c RELLOTGE |d 2015-06-29 |l 0 |o 37-OPEL Dip |p BGR-MBGR-M33641 |r 2015-06-29 00:00:00 |w 2015-06-29 |y MON |0 0 | ||
| 999 | |c 59706 |d 59706 | ||